000 00294nam a22001217a 4500
008 171218b xxu||||| |||| 00| 0 eng d
041 _aeng
080 _a338
100 _a53
101 _aMEN
245 _aBUILDING AN INSTITUTONAL COMMITMENT TO PAIN MANAGEMENT
_cGORDON,D.B
942 _2udc
_cBK
999 _c39088
_d39088